00542nam a2200157Ia 4500003000400000005001700004008004100021040001800062041000800080082001500088100003400103245020000137260001900337600001400356650001400370OSt20260331091443.0211028s2010 xx 000 0 und d cAIMIT LIBRARY aeng a658.8 YASH aYashaswini, Girish M.g816060 aTo design promotional strategies to reach and tap both current and potential customers in Mangalore for the gateway hotel, Mangalore with reference to its food and beverages and banquet service / bGirish Mc2010 aMarketing aMarketing